| 000 | 00556 a2200157 4500 | ||
|---|---|---|---|
| 999 |
_c28790 _d28790 |
||
| 003 | NUST | ||
| 005 | 20180117115159.0 | ||
| 008 | 180117b xxu||||| |||| 00| 0 eng d | ||
| 010 | _a67-22421 | ||
| 040 | _cNUST | ||
| 082 | _a530.15 | ||
| 100 | 1 |
_aMikhlin, S. G. _98539 |
|
| 245 | 1 | 0 |
_aApproximate methods for solution of differential and integral equations, / _cS. G Mikhlin. |
| 260 |
_a[S.l.] : _bAmerican Elsevier Pub. Co, _c1967. |
||
| 300 | _a308 p. | ||
| 490 | 1 | _aModern analytic and computational methods in science and mathematics. | |
| 830 | 0 |
_aModern analytic and computational methods in science and mathematics. _98540 |
|
| 942 |
_aSNS _cBK _k530.15 MIK _2ddc |
||